Резервы повышения эффективности народнохозяйственного комплекса (Запись № 13217081)

Подробности
000 -МАРКЕР
контрольное поле 01922nam0a2200373 4500
001 - ИДЕНТИФИКАТОР ЗАПИСИ
контрольное поле RU\NLR\BIBL_A\021952887
005 - ИДЕНТИФИКАТОР ВЕРСИИ
контрольное поле 20260406184513.0
010 ## - МЕЖДУНАРОДНЫЙ СТАНДАРТНЫЙ НОМЕР КНИГИ (ISBN)
Уточнения В пер.
Цена 1 р.
Тираж 12000
021 ## - НОМЕР ГОСУДАРСТВЕННОЙ РЕГИСТРАЦИИ
Код страны Российская Федерация
Номер 85-28034
035 ## - ДРУГИЕ СИСТЕМНЫЕ НОМЕРА
Идентификатор записи (NLR Aleph) 021952887
100 ## - ДАННЫЕ ОБЩЕЙ ОБРАБОТКИ
Данные общей обработки 20230601d1985 |||y0rusy50 ca
101 0# - ЯЗЫК РЕСУРСА
Язык текста, звукозаписи и т.д. русский
102 ## - СТРАНА ПУБЛИКАЦИИ ИЛИ ПРОИЗВОДСТВА
Страна публикации Российская Федерация
105 ## - ПОЛЕ КОДИРОВАННЫХ ДАННЫХ: ТЕКСТОВЫЕ МАТЕРИАЛЫ, МОНОГРАФИЧЕСКИЕ
Кодированные данные о монографическом текстовом документе y z 000 y
181 #0 - ПОЛЕ КОДИРОВАННЫХ ДАННЫХ: ВИД СОДЕРЖАНИЯ
Код вида содержания (ISBD) i
Код характеристики содержания (ISBD) axxe
182 #0 - ПОЛЕ КОДИРОВАННЫХ ДАННЫХ: ТИП СРЕДСТВА
Код типа средства (ISBD) n - непосредственное
200 1# - ЗАГЛАВИЕ И СВЕДЕНИЯ ОБ ОТВЕТСТВЕННОСТИ
Основное заглавие Резервы повышения эффективности народнохозяйственного комплекса
Первые сведения об ответственности [Лебедев В.Г., Кушлин В.И., Гелерт Г. и др.]
Последующие сведения об ответственности Академия общественных наук при ЦК КПСС. Кафедра экономики и организации производства
203 ## - ВИД СОДЕРЖАНИЯ И ТИП СРЕДСТВА
Вид содержания Текст
Дополнительные сведения об издании визуальный
Тип средства непосредственный
210 ## - ПУБЛИКАЦИЯ, РАСПРОСТРАНЕНИЕ И ДР.
Место издания, распространения и т.д. Москва
Имя издателя, распространителя и т. д. Мысль
Дата издания, распространения и т.д. 1985
215 ## - ФИЗИЧЕСКАЯ ХАРАКТЕРИСТИКА
Специфическое обозначение материала и объем 223 с.
Размеры 20
300 ## - ОБЩИЕ ПРИМЕЧАНИЯ
Текст примечания Авторы указаны на обороте тит.л.
606 1# - НАИМЕНОВАНИЕ ТЕМЫ КАК ПРЕДМЕТ
Наименование темы Общественное производство
Тематический подзаголовок Эффективность
Системный номер авторитетной/нормативной записи 2157511
Идентификатор авторитетной/нормативной записи RU\NLR\AUTH\661298717
606 1# - НАИМЕНОВАНИЕ ТЕМЫ КАК ПРЕДМЕТ
Наименование темы Народнохозяйственные комплексы
Системный номер авторитетной/нормативной записи 903361
Идентификатор авторитетной/нормативной записи RU\NLR\AUTH\668770
686 1# - ИНДЕКСЫ ДРУГИХ КЛАССИФИКАЦИЙ
Индекс У9(2)-85
686 1# - ИНДЕКСЫ ДРУГИХ КЛАССИФИКАЦИЙ
Индекс У9(2)-434
701 #1 - ИМЯ ЛИЦА - АЛЬТЕРНАТИВНАЯ ОТВЕТСТВЕННОСТЬ
Материалы, к которым относится поле rus
Графика поля Кириллица
Начальный элемент ввода Лебедев
Часть имени, кроме начального элемента ввода В. Г.
Дополнения к именам, кроме дат д-р экон. наук
Даты 1919-1996
Расширение инициалов личного имени Виктор Георгиевич
Идентификатор авторитетной/нормативной записи RU\NLR\AUTH\7799564
Системный номер авторитетной/нормативной записи 82490
701 #1 - ИМЯ ЛИЦА - АЛЬТЕРНАТИВНАЯ ОТВЕТСТВЕННОСТЬ
Материалы, к которым относится поле rus
Графика поля Кириллица
Начальный элемент ввода Кушлин
Часть имени, кроме начального элемента ввода В. И.
Даты 1936-
Расширение инициалов личного имени Валерий Иванович
Идентификатор авторитетной/нормативной записи RU\NLR\AUTH\7751878
Системный номер авторитетной/нормативной записи 34811
701 #1 - ИМЯ ЛИЦА - АЛЬТЕРНАТИВНАЯ ОТВЕТСТВЕННОСТЬ
Начальный элемент ввода Гелерт
Часть имени, кроме начального элемента ввода Г.
Расширение инициалов личного имени Гудрун
712 02 - НАИМЕНОВАНИЕ ОРГАНИЗАЦИИ - ВТОРИЧНАЯ ОТВЕТСТВЕННОСТЬ
Код отношения Прочие
Начальный элемент ввода Академия общественных наук
Идентифицирующий признак Москва
Структурное подразделение Кафедра экон. и организации производства
Идентификатор авторитетной/нормативной записи RU\NLR\AUTH\889949869
Системный номер авторитетной/нормативной записи 395470
852 ## - МЕСТОНАХОЖДЕНИЕ И ШИФР ХРАНЕНИЯ
Идентификатор организации NLR
Шифр хранения (Call Number) 85-3/7473
942 ## - ДОПОЛНИТЕЛЬНЫЕ ЭЛЕМЕНТЫ ЗАПИСИ (АБИС)
Тип экземпляра АБИС Книга
980 ## - КОЛЛЕКЦИЯ
Название коллекции Национальная библиография
Экземпляры
Тип экземпляра Дата поступления Библиотека постоянного хранения Библиотека текущего хранения Место хранения Шифр хранения Штрих-код Статус экземпляра
Книга 01.06.2023 РНБ (Московский) РНБ (Московский) Русский книжный фонд: издания с 1957 года 85-3/7473 ERR-286246